Tan Son Nhat Int. Airport Destinations (Ho Chi Minh City, Vietnam) - Statistics

General Stats
  • This quiz has been taken 89 times
    51 since last reset
  • The average score is 57 of 91
Answer Stats
Airline Destinations % Correct
Air India/VietJet Air/Vietnam Airlines Delhi
95%
Bamboo Airways/Thai AirAsia Bangkok (Don Mueang)
92%
Thai Airways International/Thai VietJet Air/VietJet Air/Vietnam Airlines/Vietravel Airlines Bangkok (Suvarnabhumi)
92%
Air China Beijing (Capital)
92%
Vietnam Airlines Beijing (Daxing)
92%
VietJet Air Denpasar
92%
Emirates Dubai (International)
92%
Cathay Pacific/VietJet Air Hong Kong
92%
Indonesia AirAsia/VietJet Air/Vietnam Airlines Jakarta (Soekarno-Hatta)
92%
VietJet Air/Vietnam Airlines Mumbai
92%
All Nippon Airways/Japan Airlines/VietJet Air Tokyo (Haneda)
92%
All Nippon Airways/Japan Airlines/VietJet Air/Vietnam Airlines Tokyo (Narita)
92%
AirAsia/Batik Air Malaysia/Malaysia Airlines/VietJet Air/Vietnam Airlines Kuala Lumpur (International)
89%
Cebu Pacific/Philippine Airlines/Vietnam Airlines Manila
89%
Aeroflot Moscow (Sheremetyevo)
89%
VietJet Air/Vietnam Airlines Osaka (Kansai)
89%
Asiana Airlines/Jeju Air/Korean Air/T'Way Air/VietJet Air/Vietnam Airlines Seoul (Incheon)
89%
China Eastern Airlines/China Southern Airlines/Juneyao Air/Spring Airlines/VietJet Air/Vietnam Airlines Shanghai (Pudong)
89%
Jetstar Asia Airways/Scoot/Singapore Airlines/VietJet Air/Vietnam Airlines Singapore
89%
Qatar Airways Doha
87%
China Southern Airlines/Spring Airlines/Vietnam Airlines Guangzhou
87%
Bamboo Airways/VietJet Air/Vietnam Airlines/Vietravel Airlines Hanoi
87%
Jetstar/VietJet Air/Vietnam Airlines Melbourne
87%
AirAsia Cambodia/Cambodia Airways/Cambodia Angkor Air/Qatar Airways/Vietnam Airlines Phnom Penh
87%
China Southern Airlines/Shenzhen Airlines/Vietnam Airlines Shenzhen
87%
Jetstar/VietJet Air/Vietnam Airlines Sydney
87%
China Airlines/EVA Air/Starlux Airlines/VietJet Air/Vietnam Airlines Taipei (Taoyuan)
87%
Lao Airlines/VietJet Air/Vietnam Airlines Vientiane
87%
Sichuan Airlines/VietJet Air Chengdu (Tianfu)
84%
Air China Chongqing
84%
Turkmenistan Airlines Ashgabat
82%
VietJet Air/Vietnam Airlines Busan
82%
Bamboo Airways/VietJet Air/Vietnam Airlines Da Nang
82%
Vietnam Airlines London (Heathrow)
82%
MIAT Mongolian Airlines Ulaanbaatar
82%
XiamenAir Xiamen
82%
Air France/Vietnam Airlines Paris (Charles de Gaulle)
79%
VietJet Air/Vietnam Airlines Perth
79%
Cambodia Angkor Air/Vietnam Airlines Siem Reap
79%
Turkish Airlines Istanbul
76%
IndiGo Kolkata
76%
Royal Brunei Airlines Bandar Seri Begawan
74%
VietJet Air Brisbane
74%
VietJet Air Xi'an
74%
VietJet Air/Vietnam Airlines Phuket
71%
China Southern Airlines Wuhan
71%
Myanmar Airways International/Vietnam Airlines Yangon
71%
China Eastern Airlines/Vietnam Airlines Kunming
68%
Vietnam Airlines Nagoya (Centrair)
68%
Vietnam Airlines Frankfurt
66%
Vietnam Airlines Fukuoka
63%
VietJet Air/Vietnam Airlines/Vietravel Airlines Phu Quoc
63%
VietJet Air/Vietnam Airlines Kaohsiung
61%
China Southern Airlines Changsha
58%
AirAsia/Vietnam Airlines Penang
58%
Vietnam Airlines Hangzhou
55%
Bamboo Airways/VietJet Air/Vietnam Airlines/Vietravel Airlines Nha Trang
55%
Bamboo Airways/VietJet Air/Vietnam Airlines Hai Phong
53%
Bamboo Airways/VietJet Air/Vietnam Airlines Hue
53%
Sichuan Airlines Nanning
53%
Hainan Airlines/Vietnam Airlines Haikou
47%
AirAsia Kota Kinabalu
47%
Vietnam Airlines San Francisco
47%
VietJet Air/Vietnam Airlines Da Lat
45%
Vietnam Airlines Munich
42%
China Eastern Airlines Ningbo
42%
Bamboo Airways/VietJet Air/Vietnam Airlines Vinh
42%
Bhutan Airlines Paro
39%
AirAsia Johor Bahru
37%
Mandarin Airlines/VietJet Air Taichung
37%
Bamboo Airways/VietJet Air/Vietnam Airlines/Vietravel Airlines Quy Nhon
34%
VietJet Air/Vietnam Airlines Pleiku
32%
Bamboo Airways/VietJet Air/Vietnam Airlines Thanh Hoa
32%
VietJet Air Ahmedabad
29%
VietJet Air/Vietnam Airlines Dong Hoi
29%
VietJet Air Kochi
29%
Cambodia Angkor Air Sihanoukville
29%
VietJet Air/Vietnam Airlines Buon Ma Thuot
26%
Vietnam Airlines Ca Mau
26%
VietJet Air Dien Bien Phu
26%
VietJet Air/Vietnam Airlines Ha Long
26%
Lao Airlines Pakse
26%
VietJet Air/Vietnam Airlines Tuy Hoa
26%
Vietnam Airlines Con Dao
24%
Ruili Airlines Lijiang
21%
Bamboo Airways/Vietnam Airlines Rach Gia
21%
Ruili Airlines Xishuangbanna
18%
VietJet Air/Vietnam Airlines Chu Lai
16%
VietJet Air Tainan
13%
VietJet Air Zhangjiajie
11%
VietJet Air Tiruchirappalli
8%
No matching quizzes found
Score Distribution
Percent of People with Each Score
Percentile by Number Answered
Your Score History
You have not taken this quiz since the last reset